000 01573nam a2200385 c 4500
003 BLK
005 20231220005234.0
008 180410b bul|||||r ||||||| ||bul||
010 _aKNG00156665000
020 _a978-619-152-239-2
_bиздат.: Изток-Запад
040 _aBLK
041 _aBUL
_cBUL
072 7 _2bullib
_aН83
_xЧужда художествена литература Н
080 _aАмериканска литература (на САЩ)
_b821.111(73)
_x-312.9
_z821.111(73)-312.9
100 1 _aХил, Джо
_eпърви автор
_9295774
700 _aКомогорова, Светлана Николаева
_9364272
700 1 _aКомогорова - Комата, Светлана
_eпрев. от англ.
_gКомогорова, Светлана Николаева
_9370886
139 _aХил, Джо
_bХ 49
245 1 0 _aРога
_bРоман
_cДжо Хил; * Светлана Николаева Комогорова; прев. от англ. Светлана Комогорова - Комата.
257 _aUSA
260 София
_bИзток-Запад
_c2013
300 _a372 с.
_c22 см
380 _aX
490 1 _aMagica
500 _aОриг. загл. Horns / Joe Hill.
653 _aфантастика
653 _aромани
659 _aН
852 _aЦб 268119
856 4 _qpdf
_u
856 4 _qpdf
_u
942 _cKNG
_n0
_011
944 _aCR
_c14.02.2014
_lCRON CRON
_k
944 _aED
_c22.02.2017
_lф /
_kВиолета_Тройчева
999 _c150343
_d150343